| 000 | 00453nam a2200205Ia 4500 | ||
|---|---|---|---|
| 003 | 0100 | ||
| 008 | 130307s9999 xx 000 0 und d | ||
| 040 | _cARRUPELIB | ||
| 050 | _aBX4705.M4563S5 | ||
| 100 | _aSheehan, Arthur | ||
| 245 | _aMaurin, Peter | ||
| 245 | _bGay believer | ||
| 260 | _aNew York | ||
| 260 | _bHanover house | ||
| 260 | _c1959 | ||
| 300 | _a217p. | ||
| 300 | _b22cm | ||
| 650 | _bChurch work with prisoners | ||
| 942 | 0 | 0 | _01 |
| 999 |
_c98936 _d98936 |
||